Teen Wolf Personnages - Statistiques

Statistiques générales
  • Ce quiz a été pris 343 fois
  • Le résultat moyen est 21 sur 59
Statistiques - réponses
Saison d'apparition Personnages % Correct
Saison 1 Scott McCall
94%
Saison 1 Stiles Stilinski
88%
Saison 1 Allison Argent
87%
Saison 1 Lydia Martin
80%
Saison 1 Peter Hale
79%
Saison 1 Derek Hale
78%
Saison 1 Chris Argent
76%
Saison 1 Kate Argent
74%
Saison 1 Melissa McCall
70%
Saison 1 Noah Stilinski
65%
Saison 1 Victoria Argent
61%
Saison 1 ( morte ) Laura Hale
54%
Saison 3 Deucalion
53%
Saison 4 Liam Dunbar
53%
Saison 2 Isaac Lahey
52%
Saison 1 Jackson Whittemore
46%
Saison 2 Gerard Argent
44%
Saison 3 Malia Tate
44%
Saison 1 Alan Deaton
42%
Saison 3 Kira Yukimura
40%
Saison 3 Kali
37%
Saison 5 Theo Raeken
37%
Saison 2 Erica Reyes
35%
Saison 3 Cora Hale
33%
Saison 3 Jordan Parrish
30%
Saison 1 Nathalie Martin
30%
Saison 3 (Méchant) Jennifer Blake
29%
Saison 4 Mason Hewitt
29%
Saison 2 Vernon Boyd
29%
Saison 3 Aiden Steiner
28%
Saison 3 Ethan Steiner
28%
Saison 5 Hayden Romero
27%
Saison 1 Bobby Finstock
26%
Saison 3 (Méchant) Nogitsune
26%
Saison 4 Brett Talbot
25%
Saison 3 Noshiko Yukimura
24%
Saison 3 Rafael McCall
24%
Saison 3 Meredith Walker
23%
Saison 3 Ken Yukimura
22%
Saison 3 Talia Hale
21%
Saison 3 Braeden
20%
Saison 1 Danny Mahealani
20%
Saison 5 Corey Bryant
19%
Saison 1 Adrian Harris
18%
Saison 3 (Méchant) Oni
18%
Saison 6 (Méchant) Anuk-ite
14%
Saison 3 Claudia Stilinski
12%
Saison 6 (Mechant) Tamora Monroe
11%
Saison 4 Garett
10%
Saison 6 (Méchant) Cavaliers Fantomes
9%
Saison 5 (Méchant) Garrett Douglas
9%
Saison 5 (Méchant) Médecins de l'Horreur
9%
Saison 3 Satomi Ito
9%
Saison 3 Araya Calavera
8%
Saison 2 Marine Morell
6%
Saison 2 Matthew Daehler
6%
Saison 5 Donovan Donatti
5%
Saison 4 (Méchant) Louve Du Desert
4%
Saison 6 (Méchant) Chasse Sauvage
2%
Aucun quiz correspondant
Distribution des résultats
% des personnes avec chaque résultat
Percentile par nombre de réponses
Votre historique - résultats
Vous n’avez pas pris ce quiz